00492nam a2200121Ia 4500008004100000020001500041100002100056245007700077260004900154300001400203999001900217952013400236180219s9999 xx 000 0 und d a9710848844 aAgapay, Ramon B. aEthics and the Filipino :bA manual on morals for students and educators aMandaluyong City :bCacho Hermanos Incc1991 a234 pages c355950d355950 00102lcc40aAbAcNULLd2018-02-19eDONATIONl2oBJ 977.P6 .Ag259 1991pC21223r2019-03-19 00:00:00s2019-03-14w2018-02-19yBK